| 000 | 15149cam a2203193 i 4500 | ||
|---|---|---|---|
| 001 | 20141526 | ||
| 003 | LIBRIS | ||
| 005 | 20230516112212.0 | ||
| 008 | 170310s2017 sw |||||||||||000 0|swe| | ||
| 020 |
_a9789147113385 _qhäftad |
||
| 035 | _a(BOKR)9789147113385 | ||
| 040 |
_aBOKR _bswe _dS _ei _erda _clibris |
||
| 041 | _aswe | ||
| 082 | 0 | 4 |
_a361.3 _223/swe |
| 084 |
_aOhf:dd _2kssb/8 |
||
| 084 |
_aOaa _2kssb/8 |
||
| 084 |
_aOhf _2kssb/8 |
||
| 100 | 1 |
_aCederlund, Christer, _d1952- _4aut |
|
| 245 | 1 | 0 |
_aSocialpedagogik : _bpedagogiskt socialt arbete / _cChrister Cederlund & Stig-Arne Berglund. |
| 250 | _aUpplaga 2 | ||
| 264 | 1 |
_aStockholm : _bLiber, _c[2017] |
|
| 264 | 3 | _a2017 | |
| 300 |
_a208 sidor _billustrationer _c21 cm |
||
| 336 |
_atext _btxt _2rdacontent |
||
| 337 |
_aunmediated _bn _2rdamedia |
||
| 338 |
_avolume _bnc _2rdacarrier |
||
| 541 | _5Li | ||
| 650 | 7 |
_aSocialpedagogik _0https://id.kb.se/term/sao/Socialpedagogik _2sao |
|
| 650 | 7 |
_aSocialpedagogik _0https://id.kb.se/term/sao/Socialpedagogik _2sao |
|
| 653 | _aSocialpedagogik | ||
| 700 | 1 |
_aBerglund, Stig-Arne, _d1953- _4aut _0https://libris.kb.se/fcrv01rz3w7c9tn#it |
|
| 887 |
_a{"@id":"vd6kp5n61g894s4","modified":"2020-01-15T11:17:45.709+01:00"} _2librisxl |
||
| 887 |
_a{"@id":"w507mf22t9ptmxz5","modified":"2018-08-21T15:02:12.544+02:00"} _2librisxl |
||
| 887 |
_a{"@id":"bm7s2sh68fzm1wnx","modified":"2019-11-21T08:01:19.164+01:00"} _2librisxl |
||
| 887 |
_a{"@id":"3f73vsk31sqtk379","modified":"2020-01-15T11:18:05.467+01:00"} _2librisxl |
||
| 887 |
_a{"@id":"rw4fpcdx1pks37z","modified":"2017-11-06T10:47:40+01:00"} _2librisxl |
||
| 887 |
_a{"@id":"kpx7j3bq2jmg1h3","modified":"2022-10-24T09:45:17.914+02:00"} _2librisxl |
||
| 887 |
_a{"@id":"fpkl2lr5c7fm9z46","modified":"2018-08-28T15:01:50.542+02:00"} _2librisxl |
||
| 887 |
_a{"@id":"w18j78k25q1fv9q","modified":"2020-10-01T17:17:24.456+02:00"} _2librisxl |
||
| 887 |
_a{"@id":"v60wcndzsvx1g6td","modified":"2020-01-15T16:16:28.378+01:00"} _2librisxl |
||
| 887 |
_a{"@id":"djr1p9zk4qcc68s","modified":"2017-07-20T14:02:56+02:00"} _2librisxl |
||
| 887 |
_a{"@id":"qv3bszzw4q7tt2n","modified":"2023-01-19T13:45:37.717+01:00"} _2librisxl |
||
| 887 |
_a{"@id":"kpx7fxlq335c8pw","modified":"2017-09-14T09:21:00+02:00"} _2librisxl |
||
| 887 |
_a{"@id":"hmvbqgxn3s85q8m","modified":"2018-04-18T13:56:27+02:00"} _2librisxl |
||
| 887 |
_a{"@id":"15dnbt861vsr4hs","modified":"2017-07-18T16:11:58+02:00"} _2librisxl |
||
| 887 |
_a{"@id":"9pxn30h379k6t523","modified":"2021-10-12T10:16:28.995+02:00"} _2librisxl |
||
| 887 |
_a{"@id":"hrlpdh7wfl95rw32","modified":"2018-08-20T13:02:46.041+02:00"} _2librisxl |
||
| 887 |
_a{"@id":"sx5f4mfz1v25g0r","modified":"2017-08-04T12:27:36+02:00"} _2librisxl |
||
| 887 |
_a{"@id":"26fsjlh72hvw2rh","modified":"2019-01-23T15:45:05.673+01:00"} _2librisxl |
||
| 887 |
_a{"@id":"26fn219735xphpv","modified":"2017-07-11T11:22:41+02:00"} _2librisxl |
||
| 887 |
_a{"@id":"hrbnsmsxfd2tp7sx","modified":"2019-02-21T16:16:22.37+01:00"} _2librisxl |
||
| 887 |
_a{"@id":"48hrr7q95fbw0jk","modified":"2022-02-17T16:30:27.299+01:00"} _2librisxl |
||
| 887 |
_a{"@id":"x8h772g6vppq866h","modified":"2020-05-06T14:16:28.532+02:00"} _2librisxl |
||
| 887 |
_a{"@id":"v4jmlbcqsbt6238l","modified":"2019-01-15T16:16:28.171+01:00"} _2librisxl |
||
| 887 |
_a{"@id":"x29kkqf31prr0fr","modified":"2018-09-11T07:36:01.306+02:00"} _2librisxl |
||
| 887 |
_a{"@id":"mz7rzv4xkxrdck8s","modified":"2020-05-13T15:16:18.655+02:00"} _2librisxl |
||
| 887 |
_a{"@id":"04cmb7n52nxxt3c","modified":"2017-07-26T18:10:05+02:00"} _2librisxl |
||
| 887 |
_a{"@id":"8dmwv8vf0mm1dvq","modified":"2017-08-17T14:13:42+02:00"} _2librisxl |
||
| 887 |
_a{"@id":"lqz9f4nr30c21tl","modified":"2017-11-06T18:28:02+01:00"} _2librisxl |
||
| 887 |
_a{"@id":"3g2xj7h51g2f7gf6","modified":"2020-08-20T09:10:24.731+02:00"} _2librisxl |
||
| 887 |
_a{"@id":"26fsfq770rlnj79","modified":"2017-11-21T09:26:55+01:00"} _2librisxl |
||
| 887 |
_a{"@id":"ns18qt3t3534jws","modified":"2017-06-12T08:22:22+02:00"} _2librisxl |
||
| 887 |
_a{"@id":"pzm2fbrfmsbjzgzk","modified":"2022-05-20T16:34:08.812+02:00"} _2librisxl |
||
| 887 |
_a{"@id":"7h2zkgxh54l35jj7","modified":"2019-02-26T11:16:24.018+01:00"} _2librisxl |
||
| 887 |
_a{"@id":"z98z2jrwwl3g4rz7","modified":"2020-02-26T11:16:26.432+01:00"} _2librisxl |
||
| 887 |
_a{"@id":"rw4fng7x4wl4vkf","modified":"2020-04-14T11:06:30.71+02:00"} _2librisxl |
||
| 887 |
_a{"@id":"9fnz8vwg2gkzd2t","modified":"2017-09-21T18:16:55+02:00"} _2librisxl |
||
| 887 |
_a{"@id":"pt2fz2kv2m66j4p","modified":"2017-11-20T12:16:26+01:00"} _2librisxl |
||
| 887 |
_a{"@id":"w18j6t624ph5525","modified":"2022-02-04T16:18:59.815+01:00"} _2librisxl |
||
| 887 |
_a{"@id":"r43j6bblp5dkn6sr","modified":"2020-11-20T14:16:20.937+01:00"} _2librisxl |
||
| 887 |
_a{"@id":"48hr94v912sxg2f","modified":"2017-06-27T11:27:47+02:00"} _2librisxl |
||
| 887 |
_a{"@id":"w18j78m23l415wk","modified":"2017-07-27T18:15:13+02:00"} _2librisxl |
||
| 887 |
_a{"@id":"w18kb092144nl83","modified":"2017-09-05T16:36:32+02:00"} _2librisxl |
||
| 887 |
_a{"@id":"djr1kszk4z3mxxj","modified":"2018-01-08T11:05:55+01:00"} _2librisxl |
||
| 887 |
_a{"@id":"lxsb4wv7j9kvzvl0","modified":"2020-02-07T11:08:06.668+01:00"} _2librisxl |
||
| 887 |
_a{"@id":"04cp0zp50fxzjwk","modified":"2017-11-15T15:20:37+01:00"} _2librisxl |
||
| 887 |
_a{"@id":"9fn0tm2g4sdrdgp","modified":"2017-10-30T09:14:24+01:00"} _2librisxl |
||
| 887 |
_a{"@id":"7clxk4bd09s4ctf","modified":"2017-10-24T15:29:45+02:00"} _2librisxl |
||
| 887 |
_a{"@id":"3c5zlwm11swc9j3n","modified":"2018-08-17T15:01:28.211+02:00"} _2librisxl |
||
| 887 |
_a{"@id":"glt2hq4m1ml5jwq","modified":"2017-06-02T16:10:37+02:00"} _2librisxl |
||
| 887 |
_a{"@id":"z3bl9594481qf5b","modified":"2017-07-26T12:09:45+02:00"} _2librisxl |
||
| 887 |
_a{"@id":"jw7t4k6rgb5wzmjs","modified":"2021-02-17T12:16:41.089+01:00"} _2librisxl |
||
| 887 |
_a{"@id":"n4qtgb9wlc2fz9mb","modified":"2022-10-11T08:02:29.047+02:00"} _2librisxl |
||
| 887 |
_a{"@id":"8mtkpvbp60910k1r","modified":"2021-01-14T17:16:34.063+01:00"} _2librisxl |
||
| 887 |
_a{"@id":"9r6z6xsh7qnwl3gv","modified":"2023-05-11T17:41:12.564+02:00"} _2librisxl |
||
| 887 |
_a{"@id":"rw4d22wx5gvmxk2","modified":"2017-08-14T12:33:01+02:00"} _2librisxl |
||
| 887 |
_a{"@id":"hmv4dlmn42rv825","modified":"2017-09-11T09:09:20+02:00"} _2librisxl |
||
| 887 |
_a{"@id":"t9xjqrgcrsjzn6z6","modified":"2022-10-21T12:16:49.478+02:00"} _2librisxl |
||
| 887 |
_a{"@id":"djr3m23k5v794t1","modified":"2019-12-02T13:02:51.74+01:00"} _2librisxl |
||
| 887 |
_a{"@id":"q6rtjsrxn05dfmpm","modified":"2022-09-29T13:08:29.774+02:00"} _2librisxl |
||
| 887 |
_a{"@id":"kw35n4xlhzqx5t3h","modified":"2020-04-30T15:16:14.81+02:00"} _2librisxl |
||
| 887 |
_a{"@id":"mr08x0js51z4njl","modified":"2017-08-09T15:19:15+02:00"} _2librisxl |
||
| 887 |
_a{"@id":"lqz6lmqr1xxpmls","modified":"2017-06-15T09:29:32+02:00"} _2librisxl |
||
| 887 |
_a{"@id":"8dmvzf1f38l67cf","modified":"2017-05-16T13:55:26+02:00"} _2librisxl |
||
| 887 |
_a{"@id":"r5k79n26p4cvlqfl","modified":"2021-11-24T08:16:13.38+01:00"} _2librisxl |
||
| 887 |
_a{"@id":"04css035270mlnb","modified":"2018-03-08T16:43:34+01:00"} _2librisxl |
||
| 887 |
_a{"@id":"djr2bfck37jww7c","modified":"2017-10-18T15:58:49+02:00"} _2librisxl |
||
| 887 |
_a{"@id":"lqzdf0br5mtph4p","modified":"2018-03-12T08:25:28+01:00"} _2librisxl |
||
| 887 |
_a{"@id":"26fpdff7160qk0k","modified":"2017-07-27T16:06:25+02:00"} _2librisxl |
||
| 887 |
_a{"@id":"bnf4fwqv8wl0lvx0","modified":"2020-01-13T14:16:16.153+01:00"} _2librisxl |
||
| 887 |
_a{"@id":"gtg2k1xndx2x97fm","modified":"2020-08-26T18:16:17.659+02:00"} _2librisxl |
||
| 887 |
_a{"@id":"8mvzbqmv6t172x81","modified":"2021-01-26T10:16:24.316+01:00"} _2librisxl |
||
| 887 |
_a{"@id":"fks4k58l0wcbwrz","modified":"2017-11-16T14:26:51+01:00"} _2librisxl |
||
| 887 |
_a{"@id":"48hrfpn943j911n","modified":"2017-07-14T08:01:26+02:00"} _2librisxl |
||
| 887 |
_a{"@id":"x618nf87vq7dc2xr","modified":"2018-08-21T15:01:50.165+02:00"} _2librisxl |
||
| 887 |
_a{"@id":"x9xwjxrwvk6rbx5f","modified":"2020-08-21T13:16:18.367+02:00"} _2librisxl |
||
| 887 |
_a{"@id":"w9ghm1h4tx9dg48m","modified":"2021-09-27T11:57:00.301+02:00"} _2librisxl |
||
| 887 |
_a{"@id":"gqmsbc1kdxj2nf4p","modified":"2018-09-07T13:01:20.276+02:00"} _2librisxl |
||
| 942 |
_2z _cBOOK |
||
| 999 |
_c59387 _d59387 |
||